Pamäti slovenského diplomata

Salvato in:
Dettagli Bibliografici
Autore principale: Mikuš, Jozef A. (Autore)
Natura: Libro
Lingua:slovacco
Pubblicazione: Martin : Matica slovenská, 1998
Edizione:2.vyd.
Soggetti:
Tags: Aggiungi Tag
Nessun Tag, puoi essere il primo ad aggiungerne!!

MARC

LEADER 00000nam a22000003a 4500
001 stu49329
005 20150617225707.9
008 990310s1998------------------------slo-d
020 |a 80-7090-488-7 
040 |a STU  |b slo 
041 0 |a slo 
080 |a 341.71(09)  |7 stu_us_auth*stu1073 
100 1 |a Mikuš, Jozef A.  |4 aut 
245 1 |a Pamäti slovenského diplomata 
250 |a 2.vyd. 
260 |a Martin :  |b Matica slovenská,  |c 1998 
300 |a 294 s 
650 7 |a dejiny  |2 stusub 
650 7 |a diplomacia  |2 stusub 
650 7 |a diplomati  |2 stusub 
996 |b 284EK82517  |c E*82517  |l EE01  |s A  |a 24  |w stu49329_0001